<?xml version="1.0" encoding="UTF-8"?>
<record
    xmlns:xsi="http://www.w3.org/2001/XMLSchema-instance"
    xsi:schemaLocation="http://www.loc.gov/MARC21/slim http://www.loc.gov/standards/marcxml/schema/MARC21slim.xsd"
    xmlns="http://www.loc.gov/MARC21/slim">

  <leader>00967nam a22002537a 4500</leader>
  <controlfield tag="005">20170123162309.0</controlfield>
  <datafield tag="010" ind1=" " ind2=" ">
    <subfield code="a">A-880452</subfield>
  </datafield>
  <datafield tag="020" ind1=" " ind2=" ">
    <subfield code="c">125.00</subfield>
  </datafield>
  <datafield tag="035" ind1=" " ind2=" ">
    <subfield code="a">A-880452</subfield>
  </datafield>
  <datafield tag="037" ind1=" " ind2=" ">
    <subfield code="b">Cen Lib/Ret</subfield>
  </datafield>
  <datafield tag="040" ind1=" " ind2=" ">
    <subfield code="a">DPL</subfield>
    <subfield code="b">UR</subfield>
  </datafield>
  <datafield tag="082" ind1=" " ind2=" ">
    <subfield code="a">840.8</subfield>
    <subfield code="b">&#x638; &#x647; &#x631;</subfield>
  </datafield>
  <datafield tag="100" ind1=" " ind2=" ">
    <subfield code="a">&#x638;&#x6C1;&#x6CC;&#x631; &#x627;&#x62D;&#x645;&#x62F; &#x628;&#x627;&#x642;&#x648;&#x6CC; &#x631;&#x6C1;&#x6CC; &#x641;&#x631;&#x6CC;&#x626; </subfield>
    <subfield code="9">111556</subfield>
  </datafield>
  <datafield tag="245" ind1=" " ind2=" ">
    <subfield code="a">&#x688;&#x631;&#x644; &#x639;&#x644;&#x648;&#x645; &#x644;&#x637;&#x6CC;&#x641;&#x6C1; &#x648;&#x644;&#x651;&#x631;&#x6D2; &#x6A9;&#x627; &#x627;&#x62F;&#x628;&#x6CC; &#x645;&#x646;&#x638;&#x631; &#x646;&#x627;&#x645;&#x6C1; /</subfield>
    <subfield code="c">&#x638;&#x6C1;&#x6CC;&#x631; &#x627;&#x62D;&#x645;&#x62F; &#x628;&#x627;&#x642;&#x648;&#x6CC; &#x631;&#x6C1;&#x6CC; &#x641;&#x631;&#x6CC;&#x626; </subfield>
  </datafield>
  <datafield tag="246" ind1=" " ind2=" ">
    <subfield code="a">Darul uloom lateefia vellore ka adabi manzar nama /</subfield>
    <subfield code="b">by Zaheer Ahmad Baqvi Rahi Farayi</subfield>
  </datafield>
  <datafield tag="260" ind1=" " ind2=" ">
    <subfield code="a">&#x645;&#x62F;&#x631;&#x627;&#x633;  </subfield>
    <subfield code="b">&#x62A;&#x627;&#x645;&#x644; &#x646;&#x627;&#x688;&#x648; &#x627;&#x631;&#x62F;&#x648; &#x67E;&#x628;&#x644;&#x6A9;&#x6A9;&#x634;&#x627;&#x646;&#x633; </subfield>
    <subfield code="c">1997</subfield>
  </datafield>
  <datafield tag="270" ind1=" " ind2=" ">
    <subfield code="a">&#x627;&#x645;&#x6CC;&#x631;&#x646;&#x633;&#x627; &#x628;&#x6D2;&#x63A;&#x645; &#x633;&#x679;&#x631;&#x6CC;&#x679; </subfield>
    <subfield code="b">&#x645;&#x62F;&#x631;&#x627;&#x633; </subfield>
  </datafield>
  <datafield tag="300" ind1=" " ind2=" ">
    <subfield code="a">320p.</subfield>
    <subfield code="c">21cm(pbk)</subfield>
  </datafield>
  <datafield tag="650" ind1=" " ind2=" ">
    <subfield code="a">&#x627;&#x631;&#x62F;&#x648; &#x627;&#x62F;&#x628; </subfield>
    <subfield code="9">134356</subfield>
  </datafield>
  <datafield tag="650" ind1=" " ind2=" ">
    <subfield code="a">&#x627;&#x631;&#x62F;&#x648; &#x633;&#x648;&#x627;&#x646;&#x62D; &#x639;&#x645;&#x631;&#x6CC; </subfield>
    <subfield code="9">134357</subfield>
  </datafield>
  <datafield tag="650" ind1=" " ind2=" ">
    <subfield code="a">Urdu literature </subfield>
    <subfield code="9">134358</subfield>
  </datafield>
  <datafield tag="650" ind1=" " ind2=" ">
    <subfield code="a">Urdu biography</subfield>
    <subfield code="9">511</subfield>
  </datafield>
  <datafield tag="942" ind1=" " ind2=" ">
    <subfield code="2">ddc</subfield>
    <subfield code="c">UR</subfield>
    <subfield code="h">840.8 </subfield>
    <subfield code="m">&#x638; &#x647; &#x631;</subfield>
  </datafield>
  <datafield tag="999" ind1=" " ind2=" ">
    <subfield code="c">106422</subfield>
    <subfield code="d">106422</subfield>
  </datafield>
  <datafield tag="952" ind1=" " ind2=" ">
    <subfield code="0">0</subfield>
    <subfield code="1">0</subfield>
    <subfield code="4">0</subfield>
    <subfield code="7">0</subfield>
    <subfield code="a">L</subfield>
    <subfield code="b">L</subfield>
    <subfield code="d">2015-12-21</subfield>
    <subfield code="e">Cen Lib/Ret</subfield>
    <subfield code="g">125.00</subfield>
    <subfield code="l">0</subfield>
    <subfield code="o">840.8 &#x638; &#x647; &#x631;</subfield>
    <subfield code="p">A-880452</subfield>
    <subfield code="r">2015-12-21 00:00:00</subfield>
    <subfield code="t">1</subfield>
    <subfield code="v">125.00</subfield>
    <subfield code="w">2016-09-15</subfield>
    <subfield code="y">UR</subfield>
  </datafield>
</record>
